Lastarria: el hombre solo
Tallennettuna:
| Päätekijä: | |
|---|---|
| Aineistotyyppi: | Kirja |
| Kieli: | espanja |
| Julkaistu: |
Santiago
Ercilla
1938
|
| Painos: | 1a. ed |
| Sarja: | Biblioteca Patria
|
| Aiheet: | |
| Tagit: |
Lisää tagi
Ei tageja, Lisää ensimmäinen tagi!
|
MARC
| LEADER | 00000nam a2200000 a 4500 | ||
|---|---|---|---|
| 001 | UCJ3884 | ||
| 003 | CL-VaPUC | ||
| 005 | 20241001113938.0 | ||
| 008 | 070124e19380000CL |||||||||||||||||spa|d | ||
| 999 | |c 320003 |d 320001 | ||
| 040 | |c Pontificia Universidad Católica de Valparaíso | ||
| 082 | 0 | 4 | |a 923 |b LAS |2 21 |
| 100 | 0 | |a Zañartu, Sady |e author |9 390332 | |
| 245 | 1 | 0 | |a Lastarria: el hombre solo |
| 250 | |a 1a. ed | ||
| 260 | |a Santiago |b Ercilla |c 1938 | ||
| 300 | |a 266 p | ||
| 490 | 0 | |a Biblioteca Patria | |
| 500 | |a Prólogo de Ricardo A. Latcham; bibliografía de Lastarria | ||
| 583 | |a last modification |c 20070124 00:00:00 |k Rodrigo Vera | ||
| 600 | 0 | |a Portales y Palazuelos, Diego, |d 1793-1837 |9 255516 | |
| 600 | 0 | |a Latcham, Ricardo Antonio |d 1903-1965 |9 859989 | |
| 600 | 0 | |a Lastarria, José Victorino |d 1817-1888 |9 860079 | |
| 650 | 0 | |a Biografías |9 255210 | |
| 650 | 0 | |a Historiografía |9 257871 | |
| 650 | 0 | |a Crítica literaria |9 269189 | |
| 650 | 0 | |a Novela |9 313705 | |
| 650 | 0 | |a Derecho constitucional |9 222588 | |
| 650 | 7 | |a MINERIA DE LA PLATA |2 CL-VaPUC |9 505294 | |
| 650 | 0 | |a Cuento |9 316426 | |
| 650 | 7 | |a BIBLIOGRAFIA |2 CL-VaPUC |9 256175 | |
| 650 | 0 | |a Epidemias |9 342402 | |
| 650 | 0 | |a Cólera |9 470953 | |
| 650 | 0 | |a Presidentes de Chile |9 268293 | |
| 650 | 0 | |a Historia de Chile |9 265473 | |
| 651 | 7 | |a CARACOLES |2 CL-VaPUC |9 504696 | |
| 852 | |a BIBCUR | ||
| 942 | |c BK |2 ddc | ||
| 945 | |d 20070124 00:00:00 |a rinostro | ||
| 952 | |0 0 |1 0 |4 0 |6 923_000000000000000_LAS_1938 |7 0 |8 X |9 398428 |a FDOBUD |b FDOBUD |d 2019-11-22 |i 1010247 |o 923 LAS 1938 |p 1010247 |r 2019-11-22 |w 2019-11-22 |y BK_X |k BUD | ||
| 952 | |0 0 |1 0 |4 0 |6 923_000000000000000_LAS_1938 |7 0 |8 X |9 398429 |a FDOBUD |b FDOBUD |d 2019-11-22 |i 1028855 |o 923 LAS 1938 |p 1028855 |r 2019-11-22 |w 2019-11-22 |y BK_X |k BUD | ||
| 952 | |0 0 |1 0 |4 0 |6 923_000000000000000_LAS_1938 |7 0 |8 X |9 398430 |a FDOBUD |b FDOBUD |d 2019-11-22 |i 4567676 |o 923 LAS 1938 |p 4567676 |r 2019-11-22 |w 2019-11-22 |y BK_X |k BUD | ||